1895 1716 1953 1448 1711 1909 1648 1188 1290 1920 1618 1811 1578 1160 1716 1324 1968 1173 1445 1271 1771 1216 1844 1510 1894 1698 1657 1367 1682 1385 1358 1007 1748 1245 1802 1348 1698 1991 1970 1676 1930 1375 1881 1823 1270 1961 1916 1954 1149 1856 1717 1524 1769 1956 1015 1601 1004 1533 1719 1448 1562 1618 1377 1140 1771 1477 1200 1902 1516 1707 1489 1478 1285 1379 1366 1993 1236 1406 1181 1139 1543 1440 1619 1712 1199 1667 1728 1181 1155 1016 1388 1451 1620 1238 1404 1754 1995 1690 1535 BCNSPRNW ULIB Ver.6.0+V

เปลี่ยนเป็นภาษาไทย

Change to English
 แสดงรายละเอียดบรรณานุกรม
  กลับหน้าหลัก

Brief Record : Get Marc (ISO 2709) : E-mail record : QR code < ปิดหน้าต่าง
LEADER : 00000nam 2200000uu 4500
001    13399112325
003     ULIB
008    110627s2552||||th 000 0 tha d
020    9786169003342
090    นว.^bI111ร 2552
100 0  I m butterfly
245 00 รักรวมรส/^cI m butterfly
250    พิมพ์ครั้งที่ 1
260    กรุงเทพฯ :^bBlue Butterfly,^c2552
300    224 หน้า
710 1  Blue Butterfly
945    ^p164^l0^i030402
995    ทศพร
999 ^a ใช้งานได้ทุกระบบ
รายการนี้ยังไม่มีแท็ก
คุณยังไม่ได้ล็อกอิน คุณสามารถมีกิจกรรมร่วมกับเว็บไซต์ได้ แต่ต้องล็อกอินก่อน ::
  ล็อกอิน

รายการสื่อสารสนเทศ

ลำดับที่ ประเภท เลขเรียก/บาร์โค้ด สถานที่ สถานะ
- ไม่พบข้อมูล -

BibComment


ยังไม่เคยถูกคอมเมนท์

คอมเมนท์ทรัพยากรรายการนี้
  คอมเมนท์: รักรวมรส I m butt..


 Copyright 2026. Bcnsprnw @Library